000 00445nam a2200133Ia 4500
005 20251222152715.0
008 251222s9999||||xx |||||||||||||| ||spa||
082 _a370.2/S17
100 _aThomas Salvador, Elizabeth y Quinchisa Pardo
245 0 _aRutas del Aprendizaje para la Educación Intercultural Bilingüe, Desarrollando Competencias de Ciudadanía y Ciencias:
250 _a1ra.ed.
264 _bMinisterio de Educación
942 _cLIB
999 _c29356
_d29356